000 00714nam a22002177a 4500
999 _c7610
_d7610
003 OSt
005 20220118115434.0
008 220118b ||||| |||| 00| 0 eng d
020 _a0255364288
040 _cDDC
082 _a332.4566 BOR 2000
100 _aBordo, Michael D.: Lars, Jonung
_915554
245 _aLessons for EMU from the history of monetary unions
260 _aLondon :
_bThe Institute of Economic Affairs;
_c 2000,
300 _a72 pages ;
_c 22 cm
504 _aIncludes bibliographical references.
650 _aMonetary unions -- History
_915555
650 _aMonetary unions -- European Union countries.
_915556
650 _aEconomic and Monetary Union.
_915557
942 _2ddc
_cBOOK